Absolute C++
Gardado en:
| Autor Principal: | |
|---|---|
| Formato: | Libro |
| Idioma: | Undetermined |
| Publicado: |
New York
Pearson Education, Inc.
2006
|
| Những chủ đề: | |
| Các nhãn: |
Engadir etiqueta
Sen Etiquetas, Sexa o primeiro en etiquetar este rexistro!
|
| Thư viện lưu trữ: | Trung tâm Học liệu Trường Đại học Cần Thơ |
|---|
| LEADER | 00502nam a2200193Ia 4500 | ||
|---|---|---|---|
| 001 | CTU_94894 | ||
| 008 | 210402s9999 xx 000 0 und d | ||
| 020 | |c 351000 | ||
| 082 | |a 005.13 | ||
| 082 | |b S267 | ||
| 100 | |a Savitch, Walter | ||
| 245 | 0 | |a Absolute C++ | |
| 245 | 0 | |c Walter Savitch | |
| 260 | |a New York | ||
| 260 | |b Pearson Education, Inc. | ||
| 260 | |c 2006 | ||
| 650 | |a C++ (Computer program language) | ||
| 904 | |i Hiếu | ||
| 980 | |a Trung tâm Học liệu Trường Đại học Cần Thơ | ||